000 00522nam a22001697a 4500
999 _c8978
_d8978
008 210309b ||||| |||| 00| 0 eng d
040 _aBMS College of Architecture
100 _aPalekar, Akshata
245 _aWayside facilities and toll plaza
300 _a30p.
500 _a1BM09AT004
502 _8B.Arch
_NBMS College of Architecture, Visvesvaraya Technological University (VTU)
_aProject report
_d2013
650 _aNA
700 _aAjaichandran C K
_eGuide
700 _aBhagyalaxmi M
_eGuide
942 _2ddc
_cTHE